00657nam a2200181 a 450000100100000000500170001000800410002704000250006808200160009310000310010924500920014026000360023230000270026870000400029504900090033595201140034499900170045800001429120200929163547.0091209s1970 dr a 000 0 spa d aDO-SdBNPbspacBNPHU axxxxbS718p1 aSoto Bello, Rodolfo93225110aPoder adquisitivo de la población /cRodolfo Soto Bello, Gumersindo Del Rosario Mota. aSanto Domingo :b[s.n.],c1970. a20 p. :bil. ;c23 cm.1 aRosario Mota, Gumersindo del932252 aBNPD 0010718PDaPDbPDcCTd2009-12-09iLF1l0oxxxx S718pp14291-10r2020-06-25w2020-06-25yLFPDZNo se presta c13887d13887